LEADER 01081nam0-22003131i-450- 001 990004745810403321 005 20140708132524.0 035 $a000474581 035 $aFED01000474581 035 $a(Aleph)000474581FED01 035 $a000474581 100 $a19990604g19489999km-y0itay50------ba 101 0 $ager 102 $aDE 105 $af-------000dy 200 1 $aEpigramm und Pantomimus$eEpigrammstudien I$eNebst einem Kapitel über einige nicht-epigrammatische Texte und Denkmäler zur Geschichte des Pantomimus$fvon Otto Weinreich 210 $aHeidelberg$cC. Winter$d1948 215 $a176 p., [1] tav.$d25 cm 225 1 $aStizungsberichte der Heidelberg Akademie der Wissenschaften philosophisch - historische Klasse$v1 610 0 $aEpigramma e pantomimo$aStudi 676 $a880 700 1$aWeinreich,$bOtto$f<1886-1972>$0181069 801 0$aIT$bUNINA$gRICA$2UNIMARC 901 $aBK 912 $a990004745810403321 952 $aP2B-250-WEINREICH O.-1948$bBibl. 23200$fFLFBC 959 $aFLFBC 996 $aEpigramm und Pantomimus$9559151 997 $aUNINA LEADER 01859nam 2200577 a 450 001 9910458654303321 005 20200520144314.0 010 $a1-60780-148-5 035 $a(CKB)2560000000010363 035 $a(EBL)535680 035 $a(OCoLC)645093779 035 $a(SSID)ssj0000672622 035 $a(PQKBManifestationID)11362642 035 $a(PQKBTitleCode)TC0000672622 035 $a(PQKBWorkID)10635522 035 $a(PQKB)10959130 035 $a(MiAaPQ)EBC535680 035 $a(Au-PeEL)EBL535680 035 $a(CaPaEBR)ebr10389078 035 $a(EXLCZ)992560000000010363 100 $a20100810h20101993 uy 0 101 0 $aeng 135 $aur|n|---||||| 181 $ctxt 182 $cc 183 $acr 200 10$aBurundi$b[electronic resource] /$fWorld Trade Press 205 $a2nd ed. 210 $aPetaluma, Calif. $cWorld Trade Press$dc1993-2010 [2010] 215 $a1 online resource (7 p.) 225 0 $aWomen in culture, business & travel 300 $aCover title. 330 $aWomen often occupy different roles in a foreign culture. Avoid offensive assumptions and behavior by understanding the position of women in Burundian society: their legal rights; access to education and health care; workforce participation; and their dating, marriage, and family life. 606 $aWomen$zBurundi 606 $aWomen's studies$zBurundi 606 $aWomen travelers$zBurundi 606 $aBusinesswomen$zBurundi 607 $aBurundi$xSocial life and customs 608 $aElectronic books. 615 0$aWomen 615 0$aWomen's studies 615 0$aWomen travelers 615 0$aBusinesswomen 676 $a305.42/09/05 801 0$bMiAaPQ 801 1$bMiAaPQ 801 2$bMiAaPQ 906 $aBOOK 912 $a9910458654303321 996 $aBURUNDI$9633594 997 $aUNINA